|
|
|
|
| LEADER |
01211nam a2200289 a 4500 |
| 001 |
13998228 |
| 008 |
121106s2006 caua b 001 0 eng d |
| 010 |
|
|
|a 2005016228
|
| 020 |
|
|
|a 0787976792 (alk. paper)
|
| 020 |
|
|
|a 9780787976798
|
| 040 |
|
|
|a DNLM/DLC
|c DLC
|d YDX
|d NLM
|d BAKER
|d UKM
|d IXA
|d DLC
|d BD-DhAAL
|
| 082 |
0 |
0 |
|a 613/.072
|2 22
|
| 245 |
0 |
0 |
|a Research methods in health promotion /
|c Richard A. Crosby, Ralph J. DiClemente, Laura Francisca Salazar, editors ; foreword by Lawrence W. Green.
|
| 250 |
|
|
|a 1st ed.
|
| 260 |
|
|
|a San Francisco, CA :
|b Jossey-Bass,
|c c2006.
|
| 300 |
|
|
|a xx, 450 p. :
|b ill. ;
|c 25 cm.
|
| 504 |
|
|
|a Includes bibliographical references and indexes.
|
| 541 |
1 |
|
|e 00026216
|
| 650 |
|
0 |
|a Health promotion
|x Research
|x Methodology.
|
| 650 |
1 |
2 |
|a Health Promotion.
|
| 650 |
2 |
2 |
|a Research
|x methods.
|
| 700 |
1 |
|
|a Crosby, Richard A.,
|d 1959-
|
| 700 |
1 |
|
|a DiClemente, Ralph J.
|
| 700 |
1 |
|
|a Salazar, Laura Francisca,
|d 1960-
|
| 852 |
4 |
|
|a Ayesha Abed Library
|j General Shelf.
|
| 999 |
|
|
|c 12946
|d 12946
|
| 952 |
|
|
|0 0
|1 0
|4 0
|6 613_072000000000000_RES
|7 0
|9 21391
|a BRACUL
|b BRACUL
|c GEN
|d 2012-11-06
|e Anupom Gyan Vander
|g 500.00
|l 2
|m 30
|o 613.072 RES
|p 3010026216
|r 2018-02-04
|s 2017-08-08
|t 1
|w 2012-11-06
|y BK
|